| 000 | 00376nam a2200145 a 4500 | ||
|---|---|---|---|
| 005 | 20140312103201.0 | ||
| 008 | 140312b1946 ||||| |||| 00| 0 eng d | ||
| 041 | _aeng | ||
| 090 |
_aLB _b03447 |
||
| 245 | _aStudies on brazilian anophelines from the northeast and Amazon regions | ||
| 260 |
_as.l _c1946 _bs.e. |
||
| 300 | _a50 p. | ||
| 942 |
_cImpreso _2z |
||
| 945 | _d2004-02-02 | ||
| 999 |
_c3672 _d3672 |
||